<?xml version="1.0" encoding="UTF-8"?>
<record
    xmlns:xsi="http://www.w3.org/2001/XMLSchema-instance"
    xsi:schemaLocation="http://www.loc.gov/MARC21/slim http://www.loc.gov/standards/marcxml/schema/MARC21slim.xsd"
    xmlns="http://www.loc.gov/MARC21/slim">

  <leader>03207nam a2200361 a 4500</leader>
  <controlfield tag="001">00003004</controlfield>
  <controlfield tag="003">WSP</controlfield>
  <controlfield tag="005">20260416153416.0</controlfield>
  <controlfield tag="006">m        d        </controlfield>
  <controlfield tag="007">cr buu|||uu|||</controlfield>
  <controlfield tag="008">091123s1996    si a    sb    001 0 eng d</controlfield>
  <datafield tag="010" ind1=" " ind2=" ">
    <subfield code="z">  97109494</subfield>
  </datafield>
  <datafield tag="040" ind1=" " ind2=" ">
    <subfield code="a">WSPC</subfield>
    <subfield code="b">eng</subfield>
    <subfield code="c">WSPC</subfield>
  </datafield>
  <datafield tag="020" ind1=" " ind2=" ">
    <subfield code="a">9789812812124</subfield>
    <subfield code="q">(ebook)</subfield>
  </datafield>
  <datafield tag="020" ind1=" " ind2=" ">
    <subfield code="z">9810225407</subfield>
  </datafield>
  <datafield tag="020" ind1=" " ind2=" ">
    <subfield code="z">9789810225407</subfield>
  </datafield>
  <datafield tag="050" ind1="0" ind2="4">
    <subfield code="a">QD96.N8</subfield>
    <subfield code="b">K83 1996</subfield>
  </datafield>
  <datafield tag="082" ind1="0" ind2="4">
    <subfield code="a">543.66</subfield>
    <subfield code="2">22</subfield>
  </datafield>
  <datafield tag="100" ind1="1" ind2=" ">
    <subfield code="a">Kudryavtsev, A. B.</subfield>
  </datafield>
  <datafield tag="245" ind1="1" ind2="0">
    <subfield code="a">Physico-chemical applications of NMR :</subfield>
    <subfield code="b">a practical guide /</subfield>
    <subfield code="c">A.B. Kudryavtsev, W. Linert.</subfield>
  </datafield>
  <datafield tag="260" ind1=" " ind2=" ">
    <subfield code="a">Singapore ;</subfield>
    <subfield code="a">River Edge, N.J. :</subfield>
    <subfield code="b">World Scientific Pub. Co.,</subfield>
    <subfield code="c">c1996.</subfield>
  </datafield>
  <datafield tag="300" ind1=" " ind2=" ">
    <subfield code="a">1 online resource (xiv, 357 p.) :</subfield>
    <subfield code="b">ill.</subfield>
  </datafield>
  <datafield tag="504" ind1=" " ind2=" ">
    <subfield code="a">Includes bibliographical references and index.</subfield>
  </datafield>
  <datafield tag="505" ind1="0" ind2=" ">
    <subfield code="a">ch. 1. NMR - Basic principles. 1.1. The phenomenon of nuclear magnetic resonance. 1.2. NMR spectra and their parameters. 1.3. Simplification of NMR spectra. 1.4. Analysis of NMR spectra. 1.5. Some hints on the mechanisms of relaxation and the nuclear Overhauser effect. 1.6. Physico-chemical aspects of the NMR. 1.7. Conclusion to chapter 1 -- ch. 2. Experimental techniques employed in NMR. 2.1. Introduction. 2.2. Principles of Fourier transform NMR spectroscopy. 2.3. Special features of the physico-chemical NMR experimental technique. 2.4. Routine of a typical PMR analysis of an organic compound -- ch. 3. The analysis of experimental data by regression techniques. 3.2. Introduction. 3.3. Definitions. 3.3. Least square fitting. 3.4. Non-linear least square methods -- ch. 4. Studies of equilibria in the liquid state by NMR spectroscopy. 4.2. Introduction. 4.2. Equilibria with slow exchange. 4.3. Equilibria with fast exchange -- ch. 5. Studies of paramagnetism in solutions by NMR. 5.1. Magnetochemistry. 5.2. Contact shifts -- ch. 6. Dynamic NMR and nuclear magnetic relaxation measurements. 6.1. Dynamic NMR. 6.2. Relaxation measurements.</subfield>
  </datafield>
  <datafield tag="520" ind1=" " ind2=" ">
    <subfield code="a">The book is intended to help under- and postgraduate students and young scientists in the correct application of NMR to the solution of physico-chemical problems concerning the study of equilibria in solution. The first part of the book (Chapters 1-3) is a trivium, but should enable a student to design and conduct simple physico-chemical NMR experiments. The following chapters give illustrative material on the physico-chemical applications of NMR of increasing complexity. These chapters include the problem of determination of equilibrium and rate constants in solution, the study of paramagnetism using NMR, the application of Dynamic NMR techniques and relaxation measurements. A multipurpose nonlinear regression program is supplied (on disc for PC) and is referred to throughout the book.</subfield>
  </datafield>
  <datafield tag="533" ind1=" " ind2=" ">
    <subfield code="a">Electronic reproduction.</subfield>
    <subfield code="b">Singapore :</subfield>
    <subfield code="c">World Scientific Publishing Co.,</subfield>
    <subfield code="d">1996.</subfield>
    <subfield code="n">System requirements: Adobe Acrobat Reader.</subfield>
    <subfield code="n">Mode of access: World Wide Web.</subfield>
  </datafield>
  <datafield tag="650" ind1=" " ind2="0">
    <subfield code="a">Nuclear magnetic resonance spectroscopy.</subfield>
  </datafield>
  <datafield tag="655" ind1=" " ind2="0">
    <subfield code="a">Electronic books.</subfield>
  </datafield>
  <datafield tag="700" ind1="1" ind2=" ">
    <subfield code="a">Linert, W.</subfield>
  </datafield>
  <datafield tag="710" ind1="2" ind2=" ">
    <subfield code="a">World Scientific (Firm)</subfield>
  </datafield>
  <datafield tag="856" ind1="4" ind2="0">
    <subfield code="u">https://www.worldscientific.com/worldscibooks/10.1142/3004#t=toc</subfield>
  </datafield>
  <datafield tag="942" ind1=" " ind2=" ">
    <subfield code="c">E-BOOK</subfield>
  </datafield>
  <datafield tag="999" ind1=" " ind2=" ">
    <subfield code="c">49785</subfield>
    <subfield code="d">49785</subfield>
  </datafield>
  <datafield tag="952" ind1=" " ind2=" ">
    <subfield code="0">0</subfield>
    <subfield code="1">0</subfield>
    <subfield code="2">ddc</subfield>
    <subfield code="4">0</subfield>
    <subfield code="7">0</subfield>
    <subfield code="a">CUTN</subfield>
    <subfield code="b">CUTN</subfield>
    <subfield code="d">2026-04-16</subfield>
    <subfield code="l">0</subfield>
    <subfield code="o">543.66</subfield>
    <subfield code="p">EB04986</subfield>
    <subfield code="r">2026-04-16 15:50:00</subfield>
    <subfield code="u">https://doi.org/10.1142/3004</subfield>
    <subfield code="w">2026-04-16</subfield>
    <subfield code="y">E-BOOK</subfield>
  </datafield>
</record>
